[Event "45. Open de Mislata 2011 - Magistral"]
[Site "Mislata ESP"]
[Date "2011.08.18"]
[Round "6.4"]
[White "Kovacevic, Slobodan"]
[Black "Palencia, Wilson"]
[Result "1/2-1/2"]
[WhiteElo "2325"]
[BlackElo "2326"]
[PlyCount "50"]
[EventDate "2011.08.15"]
[EventType "tourn"]
[EventRounds "9"]
[EventCountry "ESP"]
[EventCategory "2"]
[Source "lmi"]
[SourceDate "2011.08.15"]

1. d4 f5 2. Nf3 Nf6 3. h3 e6 4. Bf4 Bd6 5. Bxd6 cxd6 6. e3 d5 7. Nbd2 O-O 8. c4
b6 9. cxd5 Nxd5 10. a3 Bb7 11. Be2 d6 12. O-O Nd7 13. Rc1 N7f6 14. Bb5 Rc8 15.
Qe2 Qe7 16. Ba6 h6 17. Rfd1 Qd7 18. Qf1 g5 19. Bxb7 Qxb7 20. g3 Ne4 21. Rxc8
Rxc8 22. Nxe4 fxe4 23. Nd2 Nf6 24. Rc1 d5 25. Qd1 Rc7 1/2-1/2

[Event "45. Open de Mislata 2011 - Magistral"]
[Site "Mislata ESP"]
[Date "2011.08.18"]
[Round "6.5"]
[White "Perez Manas, Benjamin"]
[Black "Alcaraz Ortega, Javier"]
[Result "0-1"]
[WhiteElo "2298"]
[BlackElo "2248"]
[PlyCount "26"]
[EventDate "2011.08.15"]
[EventType "tourn"]
[EventRounds "9"]
[EventCountry "ESP"]
[EventCategory "2"]
[Source "lmi"]
[SourceDate "2011.08.15"]

1. e4 d5 2. exd5 Qxd5 3. Nc3 Qa5 4. d4 Nf6 5. Bc4 Nc6 6. d5 Nb4 7. a3 c6 8.
axb4 Qxa1 9. Nge2 e5 10. dxc6 Bxb4 11. cxb7 Bxb7 12. Bb5+ Ke7 13. Ng3 Rad8 0-1

[Event "45. Open de Mislata 2011 - Magistral"]
[Site "Mislata ESP"]
[Date "2011.08.19"]
[Round "7.2"]
[White "Palencia, Wilson"]
[Black "Perez Manas, Benjamin"]
[Result "1-0"]
[WhiteElo "2326"]
[BlackElo "2298"]
[PlyCount "121"]
[EventDate "2011.08.15"]
[EventType "tourn"]
[EventRounds "9"]
[EventCountry "ESP"]
[EventCategory "2"]
[Source "lmi"]
[SourceDate "2011.08.15"]

1. e4 c6 2. d4 d5 3. e5 Bf5 4. Be3 e6 5. Nd2 Nd7 6. f4 h5 7. Ngf3 Nh6 8. Nb3
Be7 9. Be2 Bg4 10. Qd2 Nf5 11. Bf2 Qb6 12. c3 a5 13. O-O a4 14. Nc1 c5 15. h3
Bxf3 16. Bxf3 cxd4 17. cxd4 Bh4 18. Bxh4 Nxh4 19. Bd1 Nf5 20. Ne2 Qa5 21. Qxa5
Rxa5 22. Rc1 O-O 23. Rc7 Nb8 24. Rxb7 Nc6 25. Rf3 a3 26. b4 Raa8 27. Rd3 Rfb8
28. Rxb8+ Rxb8 29. g4 hxg4 30. hxg4 Nh6 31. Rc3 Nxb4 32. Rxa3 Nxg4 33. Ng3 Nh6
34. Rb3 Kf8 35. Kf2 Ke7 36. Kf3 f6 37. Be2 Kd8 38. a3 Nc6 39. Rxb8+ Nxb8 40.
Bb5 Kc7 41. a4 fxe5 42. fxe5 Nc6 43. Bxc6 Kxc6 44. Kf4 Kb6 45. Kg5 Nf7+ 46. Kg6
Nd8 47. Kxg7 Nc6 48. Ne2 Kc7 49. Kf6 Kd7 50. Kg5 Kc7 51. Kf6 Kd7 52. a5 Nxa5
53. Nf4 Nc6 54. Nxe6 Kc8 55. Kf7 Kd7 56. Nc5+ Kc7 57. Nb3 Kd7 58. Kf6 Ne7 59.
Nc5+ Ke8 60. Ke6 Kd8 61. Nd3 1-0

[Event "45. Open de Mislata 2011 - Magistral"]
[Site "Mislata ESP"]
[Date "2011.08.19"]
[Round "7.3"]
[White "Garcia, Jhoel"]
[Black "Kovacevic, Slobodan"]
[Result "0-1"]
[WhiteElo "2376"]
[BlackElo "2325"]
[PlyCount "54"]
[EventDate "2011.08.15"]
[EventType "tourn"]
[EventRounds "9"]
[EventCountry "ESP"]
[EventCategory "2"]
[Source "lmi"]
[SourceDate "2011.08.15"]

1. e4 c5 2. Nc3 e6 3. g3 Nc6 4. Bg2 g6 5. d3 Bg7 6. Be3 d6 7. Qd2 Rb8 8. Nge2
Nd4 9. Bxd4 cxd4 10. Nb5 Qb6 11. Qb4 Ke7 12. a3 a5 13. Qc4 Bd7 14. a4 Rc8 15.
Qb3 Bxb5 16. c3 dxc3 17. bxc3 Bxc3+ 18. Nxc3 Qd4 19. Qxb5 Qxc3+ 20. Ke2 Qc2+
21. Kf3 Rc3 22. Rhd1 Rb3 23. Qg5+ Nf6 24. Bf1 Qc5 25. Qe3 Qh5+ 26. Kg2 Ng4 27.
Qd2 Qxh2+ 0-1

[Event "45. Open de Mislata 2011 - Magistral"]
[Site "Mislata ESP"]
[Date "2011.08.20"]
[Round "8.1"]
[White "Garcia Molla, Victor Manuel"]
[Black "Castella Garcia, Fausto"]
[Result "1-0"]
[WhiteElo "2304"]
[BlackElo "2326"]
[PlyCount "139"]
[EventDate "2011.08.15"]
[EventType "tourn"]
[EventRounds "9"]
[EventCountry "ESP"]
[EventCategory "2"]
[Source "lmi"]
[SourceDate "2011.08.15"]

1. d4 Nf6 2. c4 e5 3. dxe5 Ng4 4. Nf3 Bc5 5. e3 Nc6 6. Be2 O-O 7. O-O Re8 8.
Nc3 Ngxe5 9. b3 a5 10. Na4 Bf8 11. Bb2 Nxf3+ 12. Bxf3 Ne5 13. Be2 Ra6 14. f4
Ng6 15. c5 Ra8 16. Bc4 Qe7 17. Kh1 d6 18. f5 Ne5 19. f6 gxf6 20. cxd6 Qxd6 21.
Qh5 Re7 22. Rf4 Bg7 23. Rd4 Nxc4 24. Rxd6 Nxd6 25. Rf1 Ne4 26. Nc3 Nxc3 27.
Bxc3 Rxe3 28. Qc5 Re2 29. Qxc7 Be6 30. Rd1 Re8 31. Rd8 Bd5 32. Rxe8+ Rxe8 33.
Qxa5 Bc6 34. Kg1 Re2 35. Qd8+ Bf8 36. Bb4 Re8 37. Qd2 Bxb4 38. Qxb4 Re4 39. Qd2
Kg7 40. Kf2 Kg6 41. g3 h5 42. h4 Re5 43. Qd3+ Be4 44. Qd8 Bc6 45. Qg8+ Kf5 46.
Qxf7 Ke4 47. Qc4+ Kf5 48. Qd3+ Ke6 49. Qc4+ Kf5 50. Qf4+ Kg6 51. g4 hxg4 52.
Qxg4+ Kh6 53. a4 Rh5 54. Ke3 Re5+ 55. Kd4 Ra5 56. Kc4 Re5 57. Kd3 Rd5+ 58. Kc3
Re5 59. Kb2 Rd5 60. Qf4+ Kg6 61. b4 Re5 62. b5 Bxb5 63. axb5 Rxb5+ 64. Kc3 Re5
65. Kb4 Kg7 66. Kc3 Kg6 67. Qg4+ Kh6 68. Qg8 Re3+ 69. Kd4 Re5 70. Qf7 1-0

[Event "45. Open de Mislata 2011 - Magistral"]
[Site "Mislata ESP"]
[Date "2011.08.20"]
[Round "8.2"]
[White "Morejon, Eduardo"]
[Black "Garcia Roman, Daniel"]
[Result "0-1"]
[WhiteElo "2037"]
[BlackElo "2427"]
[PlyCount "110"]
[EventDate "2011.08.15"]
[EventType "tourn"]
[EventRounds "9"]
[EventCountry "ESP"]
[EventCategory "2"]
[Source "lmi"]
[SourceDate "2011.08.15"]

1. d4 Nf6 2. Nf3 e6 3. e3 c5 4. Bd3 d5 5. c3 Nbd7 6. O-O Bd6 7. Nbd2 O-O 8. e4
cxd4 9. cxd4 dxe4 10. Nxe4 Nxe4 11. Bxe4 h6 12. Be3 Nf6 13. Bc2 b6 14. Ne5 Ba6
15. Re1 Rc8 16. a3 Nd5 17. Rc1 Bxe5 18. dxe5 Nxe3 19. Qxd8 Rfxd8 20. fxe3 Rd5
21. Bb3 Rxc1 22. Rxc1 Rxe5 23. Rc3 g6 24. Bc2 Rd5 25. b4 Rd7 26. Be4 Bb5 27. h3
Kg7 28. Kf2 Kf6 29. Ke1 Ke5 30. Bc2 Ba6 31. Ba4 Rd3 32. Rxd3 Bxd3 33. Kd2 Be4
34. g3 g5 35. Ke2 f5 36. Bb3 Bd5 37. Bc2 Bg2 38. h4 gxh4 39. gxh4 Be4 40. Bb3
Bd5 41. Bc2 Kf6 42. Kf2 e5 43. Kg3 Be6 44. Bd1 Ke7 45. Ba4 Kd6 46. Bc2 Kc7 47.
Ba4 Kd6 48. Bc2 Bc8 49. Bb3 Kc6 50. Ba4+ Kd5 51. Bb3+ Ke4 52. Kf2 Kd3 53. Bd1
Kc3 54. Ke2 Bd7 55. Ke1 Be6 0-1

[Event "45. Open de Mislata 2011 - Magistral"]
[Site "Mislata ESP"]
[Date "2011.08.20"]
[Round "8.3"]
[White "Kovacevic, Slobodan"]
[Black "Navarrete Espi, Samuel"]
[Result "1-0"]
[WhiteElo "2325"]
[BlackElo "2169"]
[PlyCount "69"]
[EventDate "2011.08.15"]
[EventType "tourn"]
[EventRounds "9"]
[EventCountry "ESP"]
[EventCategory "2"]
[Source "lmi"]
[SourceDate "2011.08.15"]

1. d4 Nf6 2. Nf3 d6 3. Bf4 g6 4. e3 Bg7 5. h3 O-O 6. Be2 b6 7. O-O Bb7 8. Bh2
Nbd7 9. Nbd2 Ne4 10. Nxe4 Bxe4 11. Nd2 Bb7 12. Bf3 Bxf3 13. Qxf3 e5 14. c3 Re8
15. Rfd1 Qe7 16. Qc6 Rac8 17. a4 a5 18. Nc4 Nb8 19. Qb7 Qe6 20. b3 Nd7 21. Rab1
e4 22. Na3 f5 23. c4 g5 24. Nb5 Nf6 25. c5 f4 26. Nxc7 Qd7 27. cxb6 f3 28. Qa6
Rf8 29. Qb5 Qf7 30. Bxd6 fxg2 31. Bxf8 Qh5 32. Qf5 Rxf8 33. Ne6 Rf7 34. Rdc1
Qh4 35. Rc8+ 1-0

[Event "45. Open de Mislata 2011 - Magistral"]
[Site "Mislata ESP"]
[Date "2011.08.20"]
[Round "8.4"]
[White "Perez Manas, Benjamin"]
[Black "Garcia, Jhoel"]
[Result "0-1"]
[WhiteElo "2298"]
[BlackElo "2376"]
[PlyCount "100"]
[EventDate "2011.08.15"]
[EventType "tourn"]
[EventRounds "9"]
[EventCountry "ESP"]
[EventCategory "2"]
[Source "lmi"]
[SourceDate "2011.08.15"]

1. e4 c5 2. Nf3 g6 3. d4 cxd4 4. Nxd4 Bg7 5. c4 Nc6 6. Be3 Nf6 7. Nc3 O-O 8.
Be2 d6 9. O-O Bd7 10. Nb3 Rc8 11. f4 a6 12. Rc1 b5 13. c5 b4 14. Nd5 Nxe4 15.
cxd6 exd6 16. Bb6 Qh4 17. Rc4 Rfe8 18. Bf3 f5 19. Nc7 Qd8 20. Qd5+ Kh8 21. Rxc6
Bxc6 22. Qxc6 Re7 23. Nd5 Rxc6 24. Bxd8 Re8 25. Nxb4 Rc4 26. Ba5 Nc5 27. Nd5
Bxb2 28. Rb1 Bg7 29. Bc7 Ne4 30. Rd1 Rc2 31. a4 Nc3 32. Rd2 Re1+ 33. Kf2 Rxd2+
34. Nxd2 Ra1 35. Nxc3 Bxc3 36. Nc4 Rxa4 37. Nxd6 Ra2+ 38. Kg3 a5 39. Nb5 Bf6
40. Bd6 Kg7 41. Nc7 Rd2 42. Bd5 Kh8 43. Kf3 a4 44. Ke3 Rd1 45. Ke2 Rb1 46. Kd3
h6 47. Ne8 Rd1+ 48. Kc4 Bb2 49. Be5+ Bxe5 50. fxe5 a3 0-1

[Event "45. Open de Mislata 2011 - Magistral"]
[Site "Mislata ESP"]
[Date "2011.08.21"]
[Round "9.1"]
[White "Palencia, Wilson"]
[Black "Garcia Molla, Victor Manuel"]
[Result "0-1"]
[WhiteElo "2326"]
[BlackElo "2304"]
[PlyCount "46"]
[EventDate "2011.08.15"]
[EventType "tourn"]
[EventRounds "9"]
[EventCountry "ESP"]
[EventCategory "2"]
[Source "lmi"]
[SourceDate "2011.08.15"]

1. e4 c5 2. Nf3 e6 3. d4 cxd4 4. Nxd4 a6 5. f3 d5 6. exd5 exd5 7. Be3 Nc6 8.
Nc3 Bb4 9. Nxc6 bxc6 10. Qd4 Qe7 11. O-O-O Nf6 12. Na4 O-O 13. Nc5 Re8 14. Bf2
Rb8 15. a3 Ba5 16. Qh4 Bf5 17. Nxa6 Ra8 18. Nb4 Qb7 19. Bd3 Bxb4 20. Bxf5 Rxa3
21. c3 Bxc3 22. bxc3 Rxc3+ 23. Bc2 Qb3 0-1

[Event "45. Open de Mislata 2011 - Magistral"]
[Site "Mislata ESP"]
[Date "2011.08.21"]
[Round "9.3"]
[White "Navarrete Espi, Samuel"]
[Black "Perez Manas, Benjamin"]
[Result "1-0"]
[WhiteElo "2169"]
[BlackElo "2298"]
[PlyCount "53"]
[EventDate "2011.08.15"]
[EventType "tourn"]
[EventRounds "9"]
[EventCountry "ESP"]
[EventCategory "2"]
[Source "lmi"]
[SourceDate "2011.08.15"]

1. e4 c5 2. Nf3 d6 3. d4 cxd4 4. Nxd4 Nf6 5. Nc3 g6 6. Be3 Bg7 7. f3 O-O 8. Qd2
Nc6 9. O-O-O d5 10. exd5 Nxd5 11. Nxc6 bxc6 12. Bd4 e5 13. Bc5 Be6 14. Ne4 Re8
15. h4 h6 16. g4 Qb8 17. g5 h5 18. Bc4 Nf4 19. Bxe6 Nxe6 20. Qe3 Qb5 21. Rd7
Reb8 22. Ba3 Qa4 23. Rhd1 c5 24. Nf6+ Bxf6 25. gxf6 Qxh4 26. Qxe5 Re8 27. Rxf7
1-0

[Event "45. Open de Mislata 2011 - Magistral"]
[Site "Mislata ESP"]
[Date "2011.08.21"]
[Round "9.4"]
[White "Garcia Roman, Daniel"]
[Black "Kovacevic, Slobodan"]
[Result "1/2-1/2"]
[WhiteElo "2427"]
[BlackElo "2325"]
[PlyCount "27"]
[EventDate "2011.08.15"]
[EventType "tourn"]
[EventRounds "9"]
[EventCountry "ESP"]
[EventCategory "2"]
[Source "lmi"]
[SourceDate "2011.08.15"]

1. d4 Nf6 2. c4 c6 3. Nc3 d5 4. cxd5 cxd5 5. Nf3 Nc6 6. Bf4 Bf5 7. e3 e6 8. Bd3
Bxd3 9. Qxd3 Bd6 10. Bxd6 Qxd6 11. O-O O-O 12. Rfc1 Rfc8 13. a3 a6 14. h3
1/2-1/2